|
|
|
|
| LEADER |
00672nam a22001937a 4500 |
| 005 |
20151215125607.0 |
| 008 |
091231t xxu||||| |||| 00| 0 eng d |
| 020 |
|
|
|a 0803938543
|
| 082 |
|
|
|a 300.021
|b BRO
|
| 100 |
|
|
|a Sleven, R. Brown
|9 14572
|
| 245 |
|
|
|a Experimental design and analysis
|
| 260 |
|
|
|a New Delhi
|b Sage publications
|c 1990
|
| 300 |
|
|
|a vi, 86p.
|
| 490 |
|
|
|a Quantitative applications in the social sciences
|
| 653 |
|
|
|a Viability
|a Analysis of variance
|
| 700 |
|
|
|a Melamed, Lawrence E.
|9 15034
|
| 942 |
|
|
|c BB
|6 _
|
| 999 |
|
|
|c 107297
|d 107297
|
| 952 |
|
|
|0 0
|1 0
|2 ddc
|4 0
|6 300021_BRO
|7 0
|9 134896
|a SMS
|b SMS
|c REF
|d 2010-01-07
|o 300.021 BRO
|p SMS021345
|r 2010-01-07
|w 2010-01-07
|y REF
|